| 000 | 00000nam##2200000za#4500 |
| 001 | 9.601499 |
| 003 | CaOODSP |
| 005 | 20210624210113 |
| 007 | cr ||||||||||| |
| 008 | 150406|2008||||xxc|||||o f|0| 0 fre|d |
| 022 | |a1919-5117 |
| 040 | |aCaOODSP|bfre |
| 043 | |an-cn--- |
| 086 | 1 |aFs70-6/2008-043F-PDF |
| 110 | 1 |aCanada. |bMinistère des pêches et des océans. |bRégion du Québec. |
| 245 | 10|aÉvaluation des stock de crabe des neiges de l'estuaire et du nord du golfe du Saint-Laurent (zones 13 à 17 et 12A, 12B et 12C) en 2007 |h[ressource électronique] |
| 260 | |aMont-Joli - Québec : |bPêches et Océans Canada. |cSeptembre 2008. |
| 300 | |a22p.|bgraphiques, ill., carte, références |
| 490 | 1 |aSecrétariat canadien de consultation scientifique, avis scientifique |x1919-5117|v2008/043, Région du Québec |
| 590 | |a11-21-Supp|b2011-09-30 |
| 775 | 08|tAssessment of the Estuary and northern Gulf of St. Lawrence (areas 13 to 17 and 12A, 12B and 12C) snow crab stocks in 2007 |w(CaOODSP)9.570855 |
| 830 | #0|aAvis scientifique (Secrétariat canadien de consultation scientifique)|x1919-5117|v2008/043, Région du Québec|w(CaOODSP)9.502624 |
| 856 | 40|ahttp://publications.gc.ca|qPDF|s289 Ko|uhttps://publications.gc.ca/collections/collection_2011/mpo-dfo/Fs70-6-2008-043-fra.pdf|y2008/043, Région du Québec |